Podchlumí: countryside of sandstone opens to cyclists

-д хадгалсан:
Номзүйн дэлгэрэнгүй
Формат: Ном
Хэл сонгох:англи
герман
Хэвлэсэн: Jicín RKTISK 2005
Нөхцлүүд:
Шошгууд: Шошго нэмэх
Шошго байхгүй, Энэхүү баримтыг шошголох эхний хүн болох!

MARC

LEADER 00000nam a2200000 a 4500
001 UCI9556
003 CL-VaPUC
008 081120e20050000xr |||||||||||||||||eng|d
041 0 7 |a eng  |2 CL-VaPUC 
041 0 7 |a ger  |2 CL-VaPUC 
082 0 4 |a 914.37  |b POD  |2 21 
245 1 0 |a Podchlumí: countryside of sandstone opens to cyclists 
246 1 0 |a Podchlumi: Die Sandsteinregion offen für Radfahrer 
300 |a 256 p 
942 |c BK 
945 |d 20081120 00:00:00  |a jtorresc 
260 |a Jicín  |b RKTISK  |c 2005 
650 7 |a GUIAS TURISTICAS  |2 CL-VaPUC  |9 346990 
650 0 |a Zonas rurales  |9 317366 
583 |a last modification  |c 20171218 01:57:33  |k Rodrigo Vera 
999 |c 332073  |d 332071 
952 |0 0  |1 0  |4 0  |6 914_370000000000000_POD_2005  |7 0  |8 A  |9 419443  |a BIBAGR  |b BIBAGR  |d 2019-11-22  |i 4499085  |o 914.37 POD 2005  |p 4499085  |r 2025-01-20  |w 2019-11-22  |y BK  |k AGR